00754nam a2200241 a 4500001001300000003000900013005001700022008004100039020001000080082001800090100002500108245007100133260004600204300000900250500003500259505001000294650003400304650002300338902000800361942000700369952011900376999001700495nice12345678IN_TiNIC20260116013549.0050524s1977 kuaa grp 000 0 eng  ac29400a297.1229bGHA aGhazali Al, Muhammad aJewels of the Quranb Al-Ghazali`s Theory, a Translation With an J aKualalumpurbUniversity of Malaysiac1977 a244p aincludes index and biblioraphy2 aIndex aAl-Ghazali Quran Hermaneutics aQuran-Hermeneutics bSRS cBK 001040708StackRoom-aHMIbHMId2007-08-07g294.00l0o297.1229 GHAp017668r2007-08-07v294.00w2005-05-24yBK c11490d11490